000
00312nam a2200133Ia 4500
008
260604s9999 xx 000 0 und d
020
_a
9780143332480
082
_a
823.91 BON
100
_a
RUSKIN
_9
35374
245
0
_a
THICK AS THIEVES TALES OF FRIENDSHIP
260
_b
PEN
500
_a
Friendship
942
_c
BK
999
_c
8171
_d
8171